Sports Quiz

Random Sports Quiz

Florida Gators Starting Quarterbacks by year Quiz Stats

 Plays Quiz not verified by Sporcle

Challenge
Share
Tweet
Embed
Score 0/38 Timer 04:00
0 Plays Today
Year Quarterback % Correct
2009Tim Tebow
98.9%
2008Tim Tebow
98.5%
2007Tim Tebow
98.3%
2017Luke Del Rio
90%
2011John Brantley
89.4%
2006Chris Leak
88.5%
2005Chris Leak
87.5%
2014Jeff Driskel
87.4%
2004Chris Leak
87.3%
2003Chris Leak
86.3%
2015Will Grier
84.4%
2012Jeff Driskel
83.8%
2013Tyler Murphy
81.4%
2016Luke Del Rio
80.1%
2000Rex Grossman
79.6%
2001Rex Grossman
76.8%
2002Rex Grossman
76.1%
1994Danny Wuerffel
75%
1996Danny Wuerffel
74.6%
Year Quarterback % Correct
1995Danny Wuerffel
74.5%
2010John Brantley
73.8%
1993Danny Wuerffel
73.6%
1999Doug Johnson
65.2%
1997Doug Johnson
52.5%
1998Doug Johnson
52.1%
1991Shane Matthews
46.3%
1992Shane Matthews
46.2%
1990Shane Matthews
45.8%
1986Kerwin Bell
31.3%
1985Kerwin Bell
31.3%
1987Kerwin Bell
31.1%
1984Kerwin Bell
31.1%
1989Kyle Morris
17.6%
1980Wayne Peace
17.3%
1982Wayne Peace
17%
1981Wayne Peace
17%
1983Wayne Peace
16.8%
1988Kyle Morris
13.7%

You're not logged in!

Compare scores with friends on all Sporcle quizzes.
OR
Log In

You Might Also Like...

Show Comments

Extras

Top Quizzes Today


Score Distribution

Your Account Isn't Verified!

In order to create a playlist on Sporcle, you need to verify the email address you used during registration. Go to your Sporcle Settings to finish the process.

Report this User

Report this user for behavior that violates our Community Guidelines.

Details: